Objective Indian and world geography general studies paper-I : (Record no. 102213)

MARC details
000 -LEADER
fixed length control field 00955nam a22002417a 4500
005 - DATE AND TIME OF LATEST TRANSACTION
control field 20170517114533.0
010 ## - LCCN (DPL NO)
LC control number ENG-115738
020 ## - INTERNATIONAL STANDARD BOOK NUMBER
International Standard Book Number 9789339220617
Terms of availability 395.00
020 ## - INTERNATIONAL STANDARD BOOK NUMBER
International Standard Book Number 9789339220617
Terms of availability 425.00 (Ashok Vihar)
035 ## - SYSTEM CONTROL NUMBER
System control number EN-99269
035 ## - SYSTEM CONTROL NUMBER
System control number B-669777
037 ## - SOURCE OF ACQUISITION
Source of stock number/acquisition DBAD/PUB
037 ## - SOURCE OF ACQUISITION
Source of stock number/acquisition Pragati
082 ## - DEWEY DECIMAL CLASSIFICATION NUMBER
Classification number 000
100 ## - MAIN ENTRY--PERSONAL NAME
Personal name Majid,Husain
245 ## - TITLE STATEMENT
Title Objective Indian and world geography general studies paper-I :
Remainder of title for civil service preliminary examination
Statement of responsibility, etc by Majid Hussain
260 ## - PUBLICATION, DISTRIBUTION, ETC. (IMPRINT)
Place of publication, distribution, etc New Delhi
Name of publisher, distributor, etc McGraw Hill Education
Date of publication, distribution, etc 2015
270 ## - ADDRESS
Address P-24,Green Park Extantion
City New Delhi
Postal code 1100163
300 ## - PHYSICAL DESCRIPTION
Extent Various pagings
Other physical details (maps)
Dimensions 24cm(pbk)
500 ## - GENERAL NOTE
General note Includes bibliographical references
942 ## - ADDED ENTRY ELEMENTS (KOHA)
Source of classification or shelving scheme Dewey Decimal Classification
Item type English Books
Classification part 000
Call number suffix MAJ
Holdings
Withdrawn status Lost status Not for loan Collection code Home library Current library Date acquired Source of acquisition Cost, normal purchase price Full call number Barcode Copy number Cost, replacement price Koha item type
      Non-fiction Ashok Vihar Ashok Vihar 17/05/2017 BPPD/EN/2016-17/AV/16-17/399/15.2.2017/597/3.3.2017/ 24.3.2017 425.00 000 MAJ B-669777 1 425.00 English Books
    Not For Loan Non-fiction D.B.Act.Division Bawana 11/08/2016 DBAD/PUB 395.00 000 MAJ EN-99270 1 395.00 English Books

© Delhi Public Library
Hit Counter
free hit counter